000 00669nam a2200229Ia 4500
003 GCL
008 140319s9999 xx 000 0 eng d
020 _a7508500989
040 _aGCL /
_cGCL
082 0 4 _a382.610951
_bB C
100 1 _aBRAHM, LAURENCE J .
245 1 0 _aCHINA AFTER WTO /
_cBRAHM, LAURENCE J .
260 _aالصين :
_bCHINA INTERCONTINENTAL PRESS ،
_c2002
300 _a24 CM ؛
_c365 P
650 0 4 _aMARKETING - CHINA
650 0 4 _aTELECOMMUNICATION - CHINA
650 0 4 _aINVESTMENT STRATEGY - CHINA
650 0 4 _aCHINA - INTERNATIONAL TRADE
650 0 4 _aCHINA - COMMERCE
650 0 4 _aCHINA - ELECTRONIC COMMERCE
942 _2ddc
_cBK
999 _c9087
_d9087